Storia facile dell'economia italiana dal Medioevo a oggi /

সংরক্ষণ করুন:
গ্রন্থ-পঞ্জীর বিবরন
প্রধান লেখক: Cipolla, Carlo M. (লেখক)
বিন্যাস: গ্রন্থ
ভাষা:ইতালিয়
প্রকাশিত: Milano : Il sole-24 ore libri : A. Mondadori, 1995
মালা:Saggi
বিষয়গুলি:
ট্যাগগুলো: ট্যাগ যুক্ত করুন
কোনো ট্যাগ নেই, প্রথমজন হিসাবে ট্যাগ করুন!

MARC

LEADER 00000nam a2200000 i 4500
001 IT\ICCU\TO0\0338524
003 ItRI
005 20250102144828.0
008 950517s1995 it |||||| ||||| |||||c
015 |2 IT  |a 96-1396 
020 |a 8804385758 
040 |b ita  |c Arcigay Rimini 
041 7 |a ita  |2 ISO-639-2 
082 |a 330.945  |2 20 
100 1 |a Cipolla, Carlo M.  |0 IT\ICCU\CFIV\020432  |4 aut 
245 1 0 |a Storia facile dell'economia italiana dal Medioevo a oggi /  |c raccontata a grandi linee da Carlo M. Cipolla e altri autori. 
260 |a Milano :  |b Il sole-24 ore libri :  |b A. Mondadori,  |c 1995 
300 |a XVI, 198 p. :  |b ill. ;  |c 23 cm. 
650 7 |a Italia  |x Economia  |x Storia 
830 0 |a Saggi  |0 IT\ICCU\CFI\0002243 
942 |2 ddc  |c BK 
952 |0 0  |1 0  |2 ddc  |4 0  |6 330_945000000000000_CIP_STO  |7 1  |9 2704  |a RN  |b RN  |d 2025-01-02  |l 0  |o 330.945 CIP STO   |p 10114  |r 2025-01-02 14:48:57  |w 2025-01-02  |y BK 
981 1 |6 z01  |a i   |b xxxe  
982 1 |6 z01  |a n 
999 |c 2336  |d 2336